[Event "4th Chessfestival Gredine 2018"]
[Site "Ortisei"]
[Date "2018.06.17"]
[Round "2.1"]
[White "Vaishali R"]
[Black "Saric, Ivan"]
[Result "1/2-1/2"]
[WhiteElo "2310"]
[BlackElo "2685"]
[Annotator "TA"]
[PlyCount "137"]
[EventDate "2018.06.16"]
[EventType "swiss"]
[EventCountry "ITA"]
[SourceTitle "playchess.com"]
[Source "ChessBase"]
[SourceQuality "1"]

{[%evp 13,137,35,37,31,74,47,58,63,67,31,58,60,64,64,74,60,62,14,10,14,22,0,31,21,95,97,244,234,227,227,262,161,168,161,161,108,123,99,124,118,143,140,133,131,167,169,149,164,132,27,33,27,27,0,63,65,68,68,111,11,11,17,18,11,182,189,175,182,181,147,139,151,204,92,92,108,161,44,44,44,46,18,23,0,53,0,61,61,546,512,648,661,1114,1097,1744,1680,1471,425,424,410,395,362,330,161,505,161,160,160,160,0,0,0,0,0,0,0,8,8,12,0,0,0,26,0,0,0]} 1. c4 e5 2. Nc3 Bb4 3. Nd5 Bc5 4. b4 Bd4 5. Rb1 c6 6. e3 {A21: English Opening: 1...e5 2 Nc3} Bb6 (6... cxd5 7. exd4 d6 8. dxe5 dxe5 9. d4 e4 10. c5 Ne7 11. Ne2 O-O 12. Nc3 Nf5 {1-0 (23) Nepomniachtchi,I (2729)-Anand,V (2782) Riadh 2017}) 7. Nxb6 axb6 {LiveBook: 3 Games} 8. d4 {White is slightly better.} e4 $146 ({Predecessor:} 8... d5 9. dxe5 Rxa2 10. Qb3 Ra8 11. Bb2 Be6 12. Nf3 Ne7 {½-½ (54) Strebel,P-Schipmann,T CServe email 1996}) 9. Ne2 d5 10. cxd5 cxd5 11. b5 Nf6 12. a4 O-O 13. Ba3 Re8 14. Nc3 Nbd7 {[%cal Bb8d7,Bd7f8,Bf8g6][%mdl 32]} 15. g4 {Hoping for g5.} h6 16. h4 {[%cal Bh2h4,Bh4g5][%mdl 32]} Nf8 17. Be2 Ng6 18. Kd2 Be6 (18... Nh7 $1 $11) 19. g5 $1 $16 hxg5 (19... Nd7 $16 {was called for.}) 20. hxg5 $18 Nd7 21. Qg1 $1 Ndf8 22. Rh5 Qb8 23. Bd1 Rc8 24. Qh2 (24. Bb3 $18) 24... Qxh2 $16 25. Rxh2 Nh7 26. Rh5 Rd8 27. f4 exf3 28. Bxf3 f6 29. gxf6 Nxf6 30. Rg5 Nh4 31. Be2 (31. Bh1 $1 $16 Ne4+ 32. Nxe4 dxe4 33. Bxe4 Rxa4 34. Bb2) 31... Kf7 $1 $11 32. Rf1 {aiming for Bg4.} g6 $1 33. Bd1 Rac8 ({Black should play} 33... Nf5 $11) 34. Re5 $1 $14 Nf5 35. Bb3 $36 {[%mdl 2048] White is more active.} Rd7 36. e4 (36. Ne2 $16) 36... Nxd4 $11 37. Bxd5 Kg7 {Strongly threatening ...Bh3.} 38. Kd3 Bxd5 $2 (38... Bh3 $1 $11 39. Rxf6 Kxf6 40. Kxd4 Rxc3 41. Be7+ Rxe7 42. Rxe7 Kxe7 43. Kxc3 Bc8) 39. Nxd5 $18 Nxd5 40. exd5 Nf5 41. Bb2 Kf7 42. Rh1 $1 {[%cal Rh1h7]} Rcd8 (42... Ng7 $16 43. Bd4 Rcd8) 43. Rh7+ (43. Kc4 $1 $18 {is the precise move to win.}) 43... Kg8 $16 44. Rxd7 Rxd7 {[%mdl 4096] Endgame [#] KRB-KRN} 45. Bd4 (45. Re6 $1 $18) 45... Rd6 $1 $14 46. Bf2 Kf7 47. Ke4 Rf6 {...Nd6+ is the strong threat.} 48. Kd3 Rd6 49. Ke4 (49. Kc4 $14) 49... Nh6 (49... Rf6 $1 $11 50. Kd3 Rd6) 50. Bh4 Rd7 $2 {[%mdl 8192]} ({Better is} 50... Nf5 $14 51. Bg5 Ng3+ 52. Kd3 Nf5) 51. Bg5 $18 Nf5 52. Re6 Ne7 53. Rf6+ Ke8 54. d6 Nf5 55. Ke5 (55. Re6+ $142 Kf8 56. Ke5) 55... Rg7 56. Kd5 Rg8 57. Bf4 Rg7 58. Be5 (58. Ke6 $142 {Black must now prevent Be5.} Nd4+ 59. Ke5) 58... Rd7 $2 (58... Rf7) 59. Bc3 $2 (59. Re6+ Kf7 60. Bc3) 59... Rh7 60. Rxg6 Kd7 {[#]} 61. Be5 $2 (61. Bd2 $1 $16) 61... Rh4 $11 {[%cal Rf5e3]} 62. Bg3 Rh5 63. Be5 Rh4 {[%cal Rf5e3]} 64. Bg3 Ne3+ 65. Ke5 Nc4+ 66. Kf5 {White wants to mate with Rg7+.} Ne3+ 67. Ke5 Nc4+ 68. Kf5 {Intending Rg7+ and mate.} (68. Kf6 $5 {[%cal Rg6g7]} Rh7 69. Kg5 $16) 68... Ne3+ 69. Ke5 {Precision: White = 38%, Black = 49%.} 1/2-1/2

[Event "4th Chessfestival Gredine 2018"]
[Site "Ortisei"]
[Date "2018.06.17"]
[Round "2.2"]
[White "Vocaturo, Daniele"]
[Black "Sarkar, Justin"]
[Result "1-0"]
[WhiteElo "2608"]
[BlackElo "2297"]
[Annotator "TA"]
[PlyCount "165"]
[EventDate "2018.06.16"]
[EventType "swiss"]
[EventCountry "ITA"]
[SourceTitle "playchess.com"]
[Source "ChessBase"]
[SourceQuality "1"]

{[%evp 9,165,22,45,43,53,18,33,25,41,35,31,28,33,29,41,27,50,28,37,33,25,22,25,16,28,0,0,0,5,0,0,27,93,36,70,40,110,31,86,44,44,38,40,36,31,35,55,55,67,46,58,9,7,6,6,6,20,29,47,6,6,6,11,6,9,0,0,0,0,0,0,0,0,0,0,0,0,0,7,0,0,3,19,0,0,0,3,0,2,5,4,0,0,0,0,0,0,0,0,0,0,-8,-4,-3,60,60,56,56,56,56,56,53,68,68,68,68,69,68,69,69,69,69,69,69,69,69,76,70,76,76,76,76,76,76,76,76,76,76,76,76,76,76,76,76,76,76,76,76,76,76,77,77,77,77,29987,29988,29988,29989]} 1. e4 e5 {[%cal Be7e5,Be5d4][%mdl 32]} 2. Nf3 Nc6 3. Bc4 g6 4. d4 exd4 5. c3 d3 {LiveBook: 5 Partien} 6. O-O {C44: Schottische Partie} d6 7. Bg5 (7. Qb3 Qd7 8. Ng5 Nh6 9. Bxd3 Bg7 10. f4 O-O 11. Na3 Ng4 12. Bd2 b6 {½-½ (54) Van Kampen,R (2643)-Granda Zuniga,J (2662) Linares 2017}) 7... Be7 8. Bf4 $146 {Weiß steht etwas besser.} ({Vorgänger:} 8. Bxe7 Qxe7 9. Qxd3 Bg4 10. Bb5 Nf6 11. Nd4 Bd7 12. Bxc6 bxc6 13. Nd2 {½-½ (30) Pavlis,A (1786)-Spirou,P (2183) Petroupoli 2012}) 8... Nf6 9. Qxd3 O-O 10. Nbd2 Nh5 11. Bh6 Re8 12. Rad1 Bf6 13. Qc2 Qe7 14. Be3 Ne5 15. Nxe5 dxe5 16. b4 Be6 17. Bc5 Qd7 18. Be3 a5 19. Nb3 Qa4 20. Bxe6 fxe6 (20... Rxe6 $11 {bleibt in der Remisbreite.} 21. bxa5 Be7) 21. a3 (21. Rd2 $16) 21... axb4 22. axb4 Nf4 (22... Be7 $14) 23. Rd2 (23. g3 $16 Nh3+ 24. Kg2) 23... Red8 (23... b6 $14) 24. Rfd1 Rxd2 25. Rxd2 b6 26. h4 Nh5 27. g3 Ng7 28. Rd1 Qa2 29. Qxa2 Rxa2 30. c4 Ra4 31. Bd2 Be7 32. Bc3 Ra3 33. Rb1 Ne8 34. c5 bxc5 35. bxc5 Bxc5 36. Bxe5 Bd6 37. Bd4 e5 38. Be3 Nf6 39. Nd2 Ra4 40. f3 Nd7 41. Rc1 Kf7 42. Kf2 Ke6 43. Rc2 Ra6 44. Ke2 Nb8 45. Nb3 Nc6 46. f4 Ra3 47. Nc5+ Bxc5 48. Rxc5 $11 {[%mdl 4096] Endspiel KTL-KTS} Kd6 {[#] zielt auf ...Txe3+! ab.} 49. Rd5+ Ke6 50. g4 {Weiss will f5+ spielen.} exf4 51. Bxf4 Ra2+ 52. Ke3 Ra3+ 53. Kd2 Ra2+ 54. Kc3 Ra3+ 55. Kb2 $132 {[%mdl 2048] Weiss puts up resistance} Ra4 56. Bxc7 {Droht Td6+ und aus.} Rxe4 (56... Ke7 $11) 57. Rd6+ $14 Ke7 58. Rxc6 {Und weiter mit La5 wäre nett.} Rxg4 {KTL-KT} 59. h5 gxh5 60. Rh6 h4 61. Kc3 Kf7 62. Be5 Ra4 63. Kd3 h3 64. Bd4 Ra2 65. Rxh3 h5 66. Ke4 h4 67. Kf5 Ra5+ 68. Be5 Ra2 69. Rxh4 Rf2+ 70. Bf4 Ke7 71. Rh7+ Kd8 72. Ke5 Kc8 73. Ke4 Rb2 74. Rc7+ Kd8 75. Kf5 Rb1 76. Rh7 Kc8 77. Ke6 {jetzt Th8+ und aus.} Rb6+ 78. Bd6 Rc6 79. Kd5 Rc1 80. Bc5 {Droht Matt per Kc6.} Kd8 81. Kc6 {[%cal Rh7h8]} Ke8 $2 {[%mdl 8192] [#]} (81... Re1 $16) 82. Re7+ Kd8 83. Re2 {Precision: Weiß = 66%, Schwarz = 59%.} 1-0

[Event "4th Chessfestival Gredine 2018"]
[Site "Ortisei"]
[Date "2018.06.17"]
[Round "2.3"]
[White "Kumar, Nikhil"]
[Black "Santos Latasa, Jaime"]
[Result "0-1"]
[WhiteElo "2286"]
[BlackElo "2567"]
[Annotator "TA"]
[PlyCount "72"]
[EventDate "2018.06.16"]
[EventType "swiss"]
[EventCountry "ITA"]
[SourceTitle "playchess.com"]
[Source "ChessBase"]
[SourceQuality "1"]

{[%evp 21,72,-22,0,0,-8,-92,-95,-117,-47,-71,-24,-27,-24,-39,-39,-39,-26,-38,-23,-100,-90,-122,-122,-122,-117,-231,-235,-229,-162,-277,-277,-292,-292,-285,-281,-298,-282,-390,-407,-503,-342,-399,-365,-526,-551,-579,-437,-565,-523,-3135,-2518,-29993,-29994]} 1. d4 Nf6 2. c4 e6 3. Nf3 d5 4. g3 Bb4+ 5. Nbd2 dxc4 6. Qc2 O-O 7. Bg2 a5 {E04: Open Catalan: 5 Nf3} 8. O-O (8. a3 Bxd2+ 9. Bxd2 b5 10. a4 c6 11. e4 e5 12. dxe5 Nfd7 13. Be3 Na6 14. O-O Ndc5 15. Rfd1 {½-½ (23) Tomashevsky,E (2702)-Ding,L (2774) Palma de Mallorca 2017}) 8... b5 9. a4 c6 10. b3 cxb3 11. Nxb3 bxa4 {LiveBook: 4 Games} 12. Rxa4 Ba6 13. Ne5 $146 (13. Ba3 $11 {keeps the balance.}) ({Predecessor:} 13. Bg5 Bb5 14. Ra2 Nbd7 15. Ne5 {½-½ (34) Raetsky,A (2460)-Sokolov,A (2571) Geneve 2011}) 13... Bb5 $17 14. Ra2 Nd5 (14... a4 $17 15. Nc5 Qxd4) 15. Bd2 Bxd2 (15... a4 $5 {[%cal Ra4b3]} 16. Bxd5 Bxd2 17. Bxe6 Bb4 18. Nxf7 Rxf7 19. Bxf7+ Kxf7 $17) 16. Qxd2 {[%cal Ra2a5]} a4 17. Nc5 Na6 $36 {[%mdl 2048] White is under pressure.} 18. Rc1 Nxc5 19. Rxc5 Qd6 (19... Qe8 {is more complex.} 20. e3 Ra7 21. Ra1 f6 22. Nc4 Qd7) 20. Bxd5 (20. e4 $11 Ne7 21. Nc4) 20... exd5 21. Qc3 Ra6 22. Rc2 {[%cal Re5c6]} a3 {[%cal Ba4a3,Ba3a2][%mdl 32] White must now prevent ...a2.} 23. Ra2 {[#]} (23. Nxc6 $17 Bxc6 24. Rxc6 Rxc6 25. Qxc6 Qxc6 26. Rxc6) 23... Rfa8 $1 $19 ({Resist} 23... f6 24. Nd3 $17) 24. e3 Qe6 25. Nf3 (25. e4 {only move.} Qe8 26. exd5 cxd5 27. Qb3) 25... h5 {[%cal Bh7h5,Bh5h4][%mdl 32]} 26. Qc1 Bc4 27. Ra1 a2 28. Nd2 Bb5 29. Nb3 {[#]} h4 $1 {[%mdl 512]} 30. Rc3 {White hopes to continue with Nc5.} (30. gxh4 Qg4+) 30... Qf5 31. Nd2 g6 32. Rc5 (32. Qd1 $142) 32... hxg3 33. fxg3 Kg7 34. e4 Qg4 35. Qc3 Ra3 36. Qc1 Rxg3+ {Precision: White = 15%, Black = 59%.} 0-1

[Event "4th Chessfestival Gredine 2018"]
[Site "Ortisei"]
[Date "2018.06.17"]
[Round "2.4"]
[White "Tarlev, Konstantin"]
[Black "Fischer, Daniel"]
[Result "1-0"]
[WhiteElo "2552"]
[BlackElo "2263"]
[Annotator "TA"]
[PlyCount "95"]
[EventDate "2018.06.16"]
[EventType "swiss"]
[EventCountry "ITA"]
[SourceTitle "playchess.com"]
[Source "ChessBase"]
[SourceQuality "1"]

{[%evp 20,95,22,8,10,8,5,6,7,14,9,0,0,-10,-6,-15,-13,-41,0,0,0,0,0,0,0,0,0,0,0,0,0,0,0,0,0,0,0,0,0,0,0,0,16,16,11,19,34,0,0,0,0,0,21,31,298,269,400,327,380,374,553,548,530,520,610,609,531,455,844,897,812,791,650,709,1034,940,963,933]} 1. Nf3 d5 2. d4 Nf6 3. c4 e6 4. Nc3 Be7 5. Bg5 h6 6. Bh4 O-O 7. e3 b6 8. Bd3 Bb7 9. O-O dxc4 10. Bxc4 c5 {D58: Queen's Gambit Declined: Tartakower Defence} (10... Nbd7 11. Bg3 Bd6 12. Ne5 Qe7 13. Qe2 a6 14. a4 Bxe5 15. dxe5 Ne4 16. Nxe4 Bxe4 17. Rfd1 Nc5 18. Rd4 b5 19. axb5 axb5 20. Rxa8 Rxa8 21. Bxb5 {1-0 (56) Kacheishvili,G (2590)-Akobian,V (2661) Saint Louis 2017}) 11. Qe2 {LiveBook: 3 Games} cxd4 12. Nxd4 Ne4 {[#] ...Nxc3 is the strong threat.The position is equal.} 13. Bxe7 Qxe7 14. Nxe4 Bxe4 15. Qg4 Bb7 $1 16. Rad1 $146 ({Predecessor:} 16. Rac1 Rc8 17. Nxe6 Qf6 18. Nd4 {0-1 (41) Wanders,M-Van de Sand,N Recklinghausen 1995}) 16... Nc6 17. Nf3 (17. Nxc6 {keeps more tension.} Bxc6 18. a3 Rfd8 19. Rxd8+ Rxd8 20. Rd1) 17... Rfd8 18. Qf4 Rxd1 19. Rxd1 Rd8 20. Rxd8+ Qxd8 21. h3 Qd1+ 22. Kh2 Qc2 23. Qc7 Qxc4 24. Qxb7 g6 25. Qc8+ Kg7 26. Nd4 Na5 27. Qxc4 (27. Qb8 {looks sharper.} Qxa2 28. Qxa7 e5 29. Nb5 Qxb2 30. Nd6) 27... Nxc4 $11 {[%mdl 4096] Endgame KN-KN} 28. b3 Nd6 29. Nc6 a5 30. Kg3 Kf6 31. f4 Ne4+ 32. Kf3 Nc5 33. e4 Nd3 34. e5+ Kg7 35. a3 {[%cal Ba2a3,Ba3a4][%mdl 32]} Nc1 36. Nd4 {[#] Hoping for Ke3.} Na2 $2 {[%mdl 8192]} (36... Nd3 $14) 37. Ne2 $18 b5 (37... g5 $142 38. fxg5 hxg5) 38. Ke3 b4 39. a4 g5 (39... h5 $142 40. Nd4 Kf8) 40. fxg5 {White is clearly winning.} hxg5 41. Nd4 Nc3 42. Nc6 Nd5+ 43. Kf3 Nf4 (43... f6 $142 44. Nxa5 Nc7) 44. Nxa5 Nd3 45. Ke4 Nc1 46. Ke3 f6 47. Kd2 Na2 48. Nc6 {Precision: White = 83%, Black = 48%.} 1-0

[Event "4th Chessfestival Gredine 2018"]
[Site "Ortisei"]
[Date "2018.06.17"]
[Round "2.5"]
[White "Dittmar, Peter"]
[Black "Moroni, Luca Jr"]
[Result "0-1"]
[WhiteElo "2252"]
[BlackElo "2549"]
[Annotator "TA"]
[PlyCount "46"]
[EventDate "2018.06.16"]
[EventType "swiss"]
[EventCountry "ITA"]
[SourceTitle "playchess.com"]
[Source "ChessBase"]
[SourceQuality "1"]

{[%evp 19,46,21,22,-44,29,-81,70,-47,-39,-46,-56,-103,-93,-95,-104,-341,-330,-329,-332,-337,-356,-476,-464,-512,-514,-512,-507,-522,-485]} 1. d4 d5 2. c4 e6 3. Nc3 Nf6 4. cxd5 exd5 5. Bg5 c6 6. e3 h6 7. Bh4 Be6 {D35: Queen's Gambit Declined: Exchange Variation} 8. Bd3 Nbd7 9. Nge2 g5 10. Bg3 Nh5 {LiveBook: 9 Games} 11. Be5 $146 (11. a3 $11) ({Predecessor:} 11. Qc2 Nxg3 12. Nxg3 h5 13. Nf5 h4 14. O-O-O {½-½ (43) Karjakin,S (2783)-Meier,G (2630) chess.com INT 2017}) 11... Ng7 (11... Nxe5 $15 12. dxe5 Qc7) 12. Qc2 (12. Bxg7 $11 Bxg7 13. Ng3) 12... h5 $2 {[#]} (12... Nxe5 $17 13. dxe5 Qc7) 13. h4 (13. f4 $14) 13... Nxe5 $15 14. dxe5 gxh4 15. f4 {[#]} Bg4 $1 16. Nd4 Bc5 17. e6 $2 (17. Nce2 $17 {was necessary.} Qb6 18. Rxh4) 17... Nxe6 $19 18. Nxe6 fxe6 (18... Bxe6 $2 19. f5 $17) 19. Bg6+ Kf8 20. Ne2 Bxe3 {Black is clearly winning.} 21. Qc3 d4 22. Qc5+ Kg7 23. Bd3 Rf8 {Precision: White =  8%, Black = 56%.} 0-1

[Event "4th Chessfestival Gredine 2018"]
[Site "Ortisei"]
[Date "2018.06.17"]
[Round "2.6"]
[White "Praggnanandhaa R"]
[Black "Thiel, Thomas"]
[Result "1-0"]
[WhiteElo "2529"]
[BlackElo "2261"]
[Annotator "TA"]
[PlyCount "57"]
[EventDate "2018.06.16"]
[EventType "swiss"]
[EventCountry "ITA"]
[SourceTitle "playchess.com"]
[Source "ChessBase"]
[SourceQuality "1"]

{[%evp 19,57,35,45,47,47,41,53,41,55,60,58,56,120,120,93,115,101,100,237,267,262,268,262,262,258,246,252,249,237,255,330,339,350,351,439,393,431,432,415,389]} 1. e4 c6 2. d4 d5 3. exd5 cxd5 4. Bd3 Nc6 5. c3 Qc7 6. h3 g6 7. Nf3 Nf6 8. O-O Bg7 9. Re1 O-O 10. Na3 {B13: Caro-Kann: Exchange Variation and Panov-Botvinnik Attack} Bf5 {LiveBook: 4 Games} 11. Bxf5 (11. Bf1 a6 12. Nc2 Bxc2 13. Qxc2 b5 14. a4 Qb7 15. Qb3 Na5 16. Qb4 Nc6 17. Qc5 bxa4 {1-0 (42) Artemiev,V (2682)-Rozum,I (2606) Sochi 2017}) 11... gxf5 12. Ne5 {White is slightly better.} Nxe5 $146 ({Predecessor:} 12... e6 13. Bf4 Nxe5 14. Bxe5 Qc6 15. Nc2 Rac8 16. Nb4 Qc4 17. Nd3 Ne4 {1-0 (72) Zaitsev,A (2392)-Arkhipov,V (2318) Suvorov 2012}) 13. dxe5 Nd7 14. Qxd5 {Strongly threatening Nb5.} e6 15. Qd3 Bxe5 ({Better is} 15... Nxe5 $14 16. Qg3 Kh8) 16. Nb5 Qc6 17. Bh6 Rfd8 18. Rad1 {[%cal Ba1d1,Bd1d3,Bd3d4,Bd4d7][%mdl 32] Black must now prevent Rxe5!} Bf6 (18... Nf8 $16 {was necessary.} 19. Nd4 (19. Qxd8 Rxd8 20. Rxd8 Bg7 $11) 19... Qc7) 19. Qg3+ $18 Kh8 {[#] ...Rg8 is the strong threat.} 20. Nd6 $1 {[%cal Rd6f7]} Ne5 21. Bg5 ({Worse is} 21. Rxe5 Rxd6 22. Rxd6 Qxd6 $11) 21... Bxg5 22. Qxe5+ ({Not} 22. Qxg5 Rxd6 23. Qf6+ Kg8 $11) 22... Kg8 23. Rd3 $40 {[%mdl 128] White goes for the king.} h6 24. Red1 Qa4 25. Rd4 Qc2 26. R1d3 Rd7 27. Nxf5 {[%csl Gf5][%cal Re5g7] [#]} Qc1+ 28. Kh2 {[%csl Gf5][%cal Re5g7]} exf5 29. Rxd7 {Precision: White = 83%, Black = 34%.} 1-0

[Event "4th Chessfestival Gredine 2018"]
[Site "Ortisei"]
[Date "2018.06.17"]
[Round "2.7"]
[White "Curien, Nicolas"]
[Black "Kveinys, Aloyzas"]
[Result "1/2-1/2"]
[WhiteElo "2204"]
[BlackElo "2519"]
[Annotator "TA"]
[PlyCount "62"]
[EventDate "2018.06.16"]
[EventType "swiss"]
[EventCountry "ITA"]
[SourceTitle "playchess.com"]
[Source "ChessBase"]
[SourceQuality "1"]

{[%evp 18,62,26,30,37,33,85,89,85,52,65,48,61,51,52,57,103,18,30,23,23,19,64,75,72,43,60,38,38,37,37,37,37,37,38,37,38,39,62,44,56,0,0,0,0,0,0]} 1. d4 d5 2. Bf4 c5 3. e3 Nc6 4. c3 Nf6 5. Nd2 Qb6 (5... Bf5 6. Ngf3 e6 7. Be2 Bd6 8. dxc5 Bxc5 9. Nd4 Bg6 10. Qa4 O-O 11. Nxc6 bxc6 12. Qxc6 Rc8 13. Qa4 Re8 14. O-O e5 {0-1 (57) Le,Q (2737)-Ding,L (2777) Riadh 2017}) 6. Qb3 {D00: Damenbauernspiele} c4 7. Qc2 g6 8. e4 Nxe4 9. Nxe4 dxe4 10. Bxc4 {LiveBook: 10 Partien} Bg7 11. Be3 {[#] zielt auf d5 ab.} Qa5 $146 (11... Na5 $14 12. d5 Qc7 13. Bb5+ Kf8) ({Vorgänger:} 11... Qc7 12. Qxe4 Bf5 {½-½ (25) Richter,W (2398)-Levin,F (2504) Germany 2014}) 12. Ne2 $16 O-O 13. Qxe4 Bf5 14. Qf3 Rac8 15. Bb3 e5 {[#] Weiss muss nun ...exd4 beachten.} 16. O-O Bd3 17. Rfe1 ({Günstiger ist} 17. Rfd1 $16 Rce8 18. Ng3 (18. Rxd3 e4 $14)) 17... Bxe2 $11 18. Rxe2 {Und weiter mit d5 wäre nett.} exd4 19. cxd4 Nxd4 20. Bxd4 Bxd4 21. Qxb7 (21. Rd1 $5 {[%cal Rd1d4]} Be5 22. g3 $16 (22. Qxb7 Bxh2+ 23. Kf1 Qf5 $16)) 21... Rc7 22. Qe4 Bf6 23. Qf3 Kg7 24. Rd1 Rfc8 25. g3 Rc1 26. Rxc1 Rxc1+ 27. Kg2 Qc7 28. Qe4 Rc5 29. Rc2 ({Lieber} 29. Rd2 $14) 29... Rxc2 {Die Stellung ist ausgeglichen.} 30. Qxc2 Qxc2 31. Bxc2 Bxb2 {Precision: Weiß = 49%, Schwarz = 54%.} 1/2-1/2

[Event "4th Chessfestival Gredine 2018"]
[Site "Ortisei"]
[Date "2018.06.17"]
[Round "2.8"]
[White "Movileanu, Daniela"]
[Black "Kindermann, Stefan"]
[Result "0-1"]
[WhiteElo "2199"]
[BlackElo "2506"]
[Annotator "TA"]
[PlyCount "76"]
[EventDate "2018.06.16"]
[EventType "swiss"]
[EventCountry "ITA"]
[SourceTitle "playchess.com"]
[Source "ChessBase"]
[SourceQuality "1"]

{[%evp 14,76,10,17,26,22,31,17,36,35,45,40,77,55,59,47,47,50,50,18,22,24,20,0,0,-81,-83,-77,-90,-84,-73,-128,-125,-164,-140,-201,-117,-277,-210,-318,-83,-214,-129,-193,-112,-138,-140,-484,-483,-764,-668,-793,-758,-733,-866,-861,-861,-819,-719,-1211,-1009,-1821,-1807,-29996,-29997]} 1. e4 e6 2. d4 d5 3. Nd2 h6 4. Ngf3 Nf6 5. e5 Nfd7 6. Bd3 {C03: Französische Verteidigung (Tarrasch-Variante)} c5 7. c3 Nc6 8. a3 {LiveBook: 12 Partien. Die Stellung ist ausgeglichen.} c4 9. Bc2 b5 10. Nf1 Nb6 $146 ({Vorgänger:} 10... Bb7 11. Ng3 {1-0 (73) Ni,H (2637)-Duong,T (2373) Ho Chi Minh City 2012}) 11. Ng3 Be7 12. h4 Bd7 13. Nh5 g6 14. Nf4 Qc7 15. Be3 O-O-O 16. Nd2 Rdg8 17. Qf3 Be8 18. g4 a5 {[%cal Ba7a5,Ba5a4][%mdl 32]} 19. b4 (19. Qe2 $11 {hält das Gleichgewicht.}) 19... cxb3 $1 $17 20. Bxb3 a4 21. Bc2 Na5 22. Nb1 (22. Ne2 $142) 22... Nbc4 23. Ke2 Nxe3 24. fxe3 {[#]} (24. Qxe3 $17 {kämpft weiter.} Nc4 25. Qh3) 24... Nc4 ({Besser ist} 24... g5 $1 $19 {[%cal Rg5f4]} 25. hxg5 hxg5) 25. Nd3 $2 (25. Nd2 $17) 25... Rf8 26. Nf4 (26. Qh3 $142) 26... Qd8 $2 (26... g5 $19 {bietet bessere Gewinnchancen.} 27. Nh5 Bd7) 27. Qf2 (27. e4 $17 {war angesagt.}) 27... Qb6 28. Qg3 (28. Bd3 $17) 28... f6 (28... g5 $19 29. hxg5 hxg5 30. Rxh8 Rxh8) 29. exf6 Rxf6 30. Rg1 $2 {[%mdl 8192]} (30. Nd2 $17 Nxa3 31. Bd3) 30... g5 $19 31. Nh5 (31. Nh3 $142 Qc6 32. Qg2) 31... Bxh5 32. gxh5 Rhf8 33. hxg5 {[#]} Rf2+ $1 {[%mdl 512]} 34. Qxf2 Rxf2+ 35. Kxf2 Bxg5 36. Ke1 Qd6 37. Nd2 Qh2 38. Nf3 Bh4+ {Precision: Weiß = 24%, Schwarz = 51%.} 0-1

[Event "4th Chessfestival Gredine 2018"]
[Site "Ortisei"]
[Date "2018.06.17"]
[Round "2.9"]
[White "Gholami, Aryan"]
[Black "Jaracz, Barbara"]
[Result "1-0"]
[WhiteElo "2490"]
[BlackElo "2246"]
[Annotator "TA"]
[PlyCount "79"]
[EventDate "2018.06.16"]
[EventType "swiss"]
[EventCountry "ITA"]
[SourceTitle "playchess.com"]
[Source "ChessBase"]
[SourceQuality "1"]

{[%evp 19,79,-7,0,-31,-38,-41,0,-31,-31,-28,-25,-80,-53,-53,-53,-45,-45,-70,-58,-35,-4,-11,10,18,10,13,22,15,33,33,181,108,143,105,432,413,449,309,304,309,295,261,285,271,337,214,197,205,461,504,502,492,612,643,539,457,651,631,6520,6520,2037,1259]} 1. Nf3 d5 2. g3 Nf6 3. Bg2 g6 4. c4 c6 5. b3 Bg7 6. Bb2 O-O 7. O-O Nbd7 8. d3 Re8 9. Nc3 e5 {A11: English Opening: 1...c6} 10. cxd5 (10. Rc1 d4 11. Ne4 Nxe4 12. dxe4 Nc5 13. Ne1 f5 14. exf5 Bxf5 15. Nd3 Ne6 16. h3 e4 17. g4 exd3 18. gxf5 dxe2 19. Qxe2 {0-1 (107) Zwardon,V (2412)-Stefansson,H (2523) chess.com INT 2018}) 10... cxd5 {LiveBook: 15 Games} 11. e4 d4 {Black is slightly better.} 12. Nb5 Nb8 13. a4 Nc6 $146 ({Predecessor:} 13... a6 14. Na3 Nc6 15. Nc4 Bg4 16. h3 Bxf3 17. Bxf3 {½-½ (62) Calvert,D (2026)-Payne,O (2029) Telfort 2003}) 14. Ba3 Bf8 $1 15. Nd2 (15. Bxf8 $11 {keeps the balance.} Rxf8 16. Na3) 15... a6 16. Bxf8 Rxf8 17. Na3 Be6 18. Rc1 Qe7 19. Nac4 Qb4 20. f4 Ng4 21. Qe2 {With the idea f5.} exf4 22. gxf4 {Hoping for f5.} f5 23. e5 $36 {[%mdl 2048] White has good play.} Ne7 24. h3 Nh6 {[#]} (24... Ne3 $1 $14) 25. Qf2 (25. Nf3 $1 $18) 25... Rad8 26. Nf3 {aiming for Ng5.} Nc6 $2 {[%mdl 8192] [#]} (26... Nf7 $16 {is more resistant.}) 27. Ng5 $1 $18 {[%cal Rg5e6]} Qe7 28. Nxe6 Qxe6 29. Nd6 Rxd6 30. exd6 Qxd6 31. Rc4 Rd8 32. Rfc1 Nb4 33. Qd2 Nd5 $2 (33... a5 34. Rc7 (34. Bxb7 Nf7 $16) 34... Rd7 35. Rxd7 (35. Rxb7 Rxb7 36. Bxb7 Nf7 $16) 35... Qxd7) 34. Rxd4 {White is clearly winning.} Qb6 35. Qf2 ({Inferior is} 35. Bxd5+ Rxd5 36. Rc8+ Kf7 $11) 35... Nb4 36. Rxd8+ Qxd8 37. Qe3 Qd7 (37... Nf7 $142 38. Bxb7 Qxd3 39. Qe8+ Kg7) 38. Qb6 Qxd3 39. Rc8+ Kg7 40. Qxb7+ {Precision: White = 60%, Black = 30%.} 1-0